000 00562nam a22002297a 4500
003 UA-OsUOA
001 50856
007 ta
008 20140707b un ||||| |||| 00| 0 ukr d
100 _aSemkowicz W.
090 _a09.-930.1
942 _cSA
040 _aUA-OsUOA
_bpol
_cUA-OsUOA
_dUA-OsUOA
245 _aNauki pomocnicze historii
300 _aPP. 227-257 с.
955 _a1
041 _apol
080 _a09.-930.1
773 0 _tKwartalnik historyczny. Rocznik II
_gLwow
_d1937
650 7 _a0 Загальний відділ.
_2UDC
999 _c430991
_d430991